शिक्षाप्रद कथाएँ / (Record no. 37806)

MARC details
000 -LEADER
fixed length control field 01067nam a22002297a 4500
005 - DATE AND TIME OF LATEST TRANSACTION
control field 20100726161456.0
010 ## - LCCN (DPL NO)
LC control number HIN-89836
020 ## - INTERNATIONAL STANDARD BOOK NUMBER
International Standard Book Number 8185333203
Terms of availability 95.00
035 ## - SYSTEM CONTROL NUMBER
System control number HN-62182
037 ## - SOURCE OF ACQUISITION
Source of stock number/acquisition DBAD/PUB
082 ## - DEWEY DECIMAL CLASSIFICATION NUMBER
Classification number
100 ## - MAIN ENTRY--PERSONAL NAME
Personal name शर्मा, यादवेन्द्र 'चन्द्र'
245 ## - TITLE STATEMENT
Title शिक्षाप्रद कथाएँ /
Statement of responsibility, etc यादवेन्द्र शर्मा 'चन्द्र'
246 ## - VARYING FORM OF TITLE
Title proper/short title Shikshaprad Kathaein
Remainder of title by Yadvendra Sharma 'Chandra
260 ## - PUBLICATION, DISTRIBUTION, ETC. (IMPRINT)
Place of publication, distribution, etc बीकानेर
Name of publisher, distributor, etc कविता प्रकाशन
Date of publication, distribution, etc 2009
270 ## - ADDRESS
Address तेलीवाडा
City बीकानेर
Postal code 334005
300 ## - PHYSICAL DESCRIPTION
Extent 63पृ.
Other physical details सचित्र
Dimensions 22सेमी (सजिल्द)
650 ## - SUBJECT ADDED ENTRY--TOPICAL TERM
Topical term following geographic name as entry element लघु कथाएँ, हिन्दी
650 ## - SUBJECT ADDED ENTRY--TOPICAL TERM
Topical term following geographic name as entry element Short Stories
942 ## - ADDED ENTRY ELEMENTS (KOHA)
Source of classification or shelving scheme Dewey Decimal Classification
Item type Hindi Books
Classification part
Call number suffix शर्माया
Holdings
Withdrawn status Lost status Not for loan Collection code Home library Current library Date acquired Source of acquisition Cost, normal purchase price Full call number Barcode Copy number Cost, replacement price Koha item type
    Not For Loan Fiction D.B.Act.Division D.B.Act.Division 26/07/2010 DBAD / PUB 95.00 क शर्माया HN-62182 1 95.00 Hindi Books

© Delhi Public Library
Hit Counter
free hit counter